000 00714cab a22001935a 4500
001 L144031
008 080612e20080416xxkad f s 000 0 eng d
035 _a(Sirsi) u144031
041 0 _aeng
100 1 _aLeitch, John
245 0 0 _a2007
_bthe big players? profits kept on rising
260 _c2008
490 0 _aContract Journal
_v441(6671) 16 April 2008, 11-14(2)
520 _aDetails how UK contracting firms performed in 2007. Reports that the largest earners doubled pre-tax profit. Acquisitions have increased resulting in larger and larger firms. Tables include top ten profit makers.
590 _aKA
651 4 _aUnited Kingdom
_y
690 _aBUILT ENVIRONMENT-CONSTRUCTION MARKET
942 _n0
999 _c80334
_d80334